00667nam a2200217 a 4500001001300000003000900013005001700022008004100039020001000080082001300090245003700103260005900140300000900199500003500208650002700243710003100270902000800301942000700309952011600316999001700432nice12345678IN_TiNIC20260116015229.0050524s1959 naga grp 000 0 eng  ac10000a025bNCC aChristian Handbook of India-1959 aNagpurbNational Christian Council & Christian Mc1959 a351p aincludes index and biblioraphy aDirectory-Christianity2 aNational Christian Council bSRS cBK 001040708StackRoom-aHMIbHMId2007-10-16g100.00l0o025 NCCp11000170r2007-10-16v100.00w2005-05-24yBK c18833d18833